[Event "SWE-chT2 0708"]
[Site "Sweden"]
[Date "2008.03.07"]
[Round "7"]
[White "Nuoristo, Peter"]
[Black "Lundin, Anders"]
[Result "1-0"]
[WhiteElo "2216"]
[BlackElo "2180"]
[PlyCount "105"]
[EventDate "2007.10.20"]
[EventType "team-tourn"]
[EventRounds "9"]
[EventCountry "SWE"]
[SourceTitle "EXT 2009"]
[Source "ChessBase"]
[SourceDate "2008.11.26"]
[SourceVersion "1"]
[SourceVersionDate "2008.11.26"]
[SourceQuality "1"]
[WhiteTeam "Lundby"]
[BlackTeam "Passanten"]
[WhiteTeamCountry "SWE"]
[BlackTeamCountry "SWE"]

1. d4 Nf6 2. Bf4 e6 3. e3 c5 4. Nf3 b6 5. Bd3 Bb7 6. 0-0 Nc6 7. c3 Be7 8. h3 cxd4 9. exd4 0-0 10. Nbd2 Rc8 11. Qe2 d6 12. Rad1 Re8 13. Ne4 Na5 14. Nfg5 Nxe4 15. Nxe4 Bd5 16. Nd2 e5 17. dxe5 dxe5 18. Be3 Qc7 19. Ne4 Nc4 20. Bc1 f5 21. Ng3 e4 22. Bc2 Be6 23. Nh5 Ne5 24. Nf4 Bc4 25. Bb3 Bxb3 26. axb3 Bd6 27. Nd5 Qb8 28. Qh5 Rf8 29. Bf4 Rce8 30. Bxe5 Bxe5 31. Qh4 Re6 32. Ne7+ Kh8 33. Nxf5 Ref6 34. Ne3 Rf4 35. Qe7 R4f7 36. Qh4 Rf4 37. Qe7 R4f7 38. Qe6 Rf6 39. Qd7 R6f7 40. Qg4 Rf4 41. Qd7 R4f7 42. Qc6 Bh2+ 43. Kh1 Rxf2 44. Rxf2 Rxf2 45. Ng4 Rxg2 46. Kxg2 Qg3+ 47. Kh1 Qf3+ 48. Kxh2 Qf4+ 49. Kg1 Qg3+ 50. Kf1 Qxh3+ 51. Ke1 Qh1+ 52. Kd2 e3+ 53. Kc1 1-0

[Event "SWE-chT2 0708"]
[Site "Sweden"]
[Date "2007.10.20"]
[Round "1"]
[White "Lundin, Anders"]
[Black "Thornert, Hakan"]
[Result "1/2-1/2"]
[WhiteElo "2190"]
[BlackElo "2257"]
[PlyCount "50"]
[EventDate "2007.10.20"]
[EventType "team-tourn"]
[EventRounds "9"]
[EventCountry "SWE"]
[SourceTitle "EXT 2009"]
[Source "ChessBase"]
[SourceDate "2008.11.26"]
[SourceVersion "1"]
[SourceVersionDate "2008.11.26"]
[SourceQuality "1"]
[WhiteTeam "Passanten"]
[BlackTeam "Eksjo"]
[WhiteTeamCountry "SWE"]
[BlackTeamCountry "SWE"]

1. d4 Nf6 2. c4 g6 3. Nc3 d5 4. Nf3 Bg7 5. e3 0-0 6. cxd5 Nxd5 7. Bc4 Nb6 8. Bb3 Nc6 9. 0-0 a5 10. h3 Bd7 11. d5 Nb4 12. a3 a4 13. axb4 axb3 14. Rxa8 Qxa8 15. Qxb3 e6 16. e4 exd5 17. exd5 Re8 18. Be3 Qa6 19. b5 Qa5 20. Bd4 Bxd4 21. Nxd4 Re5 22. Nf3 Re8 23. Ng5 Re5 24. Nf3 Re8 25. Ng5 Re5 1/2-1/2

[Event "SWE-chT 0405"]
[Site "Sweden"]
[Date "2004.??.??"]
[Round "2"]
[White "Hamark, Jesper"]
[Black "Lundin, Anders"]
[Result "1-0"]
[WhiteElo "2305"]
[BlackElo "2219"]
[PlyCount "49"]
[EventDate "2004.11.05"]
[EventType "team-tourn"]
[EventRounds "11"]
[EventCountry "SWE"]
[SourceTitle "EXT 2006"]
[Source "ChessBase"]
[SourceDate "2005.11.24"]
[SourceVersion "1"]
[SourceVersionDate "2005.11.24"]
[SourceQuality "1"]
[WhiteTeam "Kamraterna"]
[BlackTeam "Passanten"]
[WhiteTeamCountry "SWE"]
[BlackTeamCountry "SWE"]

1. c4 Nf6 2. Nc3 c5 3. Nf3 Nc6 4. d4 cxd4 5. Nxd4 g6 6. g3 Bg7 7. Bg2 0-0 8. 0-0 Ng4 9. e3 d6 10. Nde2 Qa5 11. Nd5 Nge5 12. Bd2 Qd8 13. b3 e6 14. Nb4 Bd7 15. Bc3 Qc7 16. Nc2 Rfd8 17. f4 Ng4 18. Bxg7 Kxg7 19. Ned4 Nf6 20. e4 Nxd4 21. Qxd4 Bc6 22. Rae1 Qa5 23. Qb2 Qd2 24. b4 Qd3 25. Rf3 1-0

[Event "SWE-chT 0405"]
[Site "Sweden"]
[Date "2004.??.??"]
[Round "5"]
[White "Lundin, Anders"]
[Black "Eriksson, Johan"]
[Result "1/2-1/2"]
[WhiteElo "2219"]
[BlackElo "2449"]
[PlyCount "103"]
[EventDate "2004.11.05"]
[EventType "team-tourn"]
[EventRounds "11"]
[EventCountry "SWE"]
[SourceTitle "EXT 2006"]
[Source "ChessBase"]
[SourceDate "2005.11.24"]
[SourceVersion "1"]
[SourceVersionDate "2005.11.24"]
[SourceQuality "1"]
[WhiteTeam "Passanten"]
[BlackTeam "Sollentuna"]
[WhiteTeamCountry "SWE"]
[BlackTeamCountry "SWE"]

1. d4 Nf6 2. c4 c5 3. d5 b5 4. cxb5 a6 5. b6 e6 6. Nc3 Qxb6 7. e4 exd5 8. exd5 d6 9. a4 Be7 10. a5 Qb7 11. Bc4 0-0 12. Nge2 Bg4 13. f3 Bd7 14. 0-0 Ne8 15. Qd3 Nc7 16. Ng3 Nb5 17. Na4 Bd8 18. Bd2 Nd4 19. b4 Bxa4 20. Rxa4 Nd7 21. Bf4 Bc7 22. Ne4 Rfe8 23. Ra2 Qa7 24. bxc5 Nf5 25. Kh1 Nxc5 26. Nf6+ gxf6 27. Qxf5 Bd8 28. Bxd6 Qd7 29. Qxd7 Nxd7 30. Bf4 Ne5 31. Be2 Ng6 32. Bg3 Bxa5 33. Bd3 Bb4 34. Rxa6 Rxa6 35. Bxa6 Rd8 36. Rd1 Bd6 37. Bf2 Ra8 38. Bf1 Ne7 39. g3 Ra5 40. Bc4 Ra4 41. Rc1 Kf8 42. Kg2 Ra3 43. Bd4 Kg7 44. Kf2 Nf5 45. Bb2 Bc5+ 46. Kg2 Ra4 47. Bb5 Ra2 48. Rxc5 Rxb2+ 49. Kh3 Nd4 50. d6 Nxb5 51. d7 Rd2 52. Rxb5 1/2-1/2

[Event "SWE-ch Elit"]
[Site "Umea"]
[Date "2003.07.09"]
[Round "10"]
[White "Jonsson, Mikael"]
[Black "Lundin, Anders"]
[Result "1-0"]
[WhiteElo "2314"]
[BlackElo "2247"]
[PlyCount "57"]
[EventDate "2003.06.29"]
[EventType "tourn"]
[EventRounds "13"]
[EventCountry "SWE"]
[EventCategory "3"]
[SourceTitle "EXT 2004"]
[Source "ChessBase"]
[SourceDate "2003.11.25"]
[SourceVersion "1"]
[SourceVersionDate "2003.11.25"]
[SourceQuality "1"]

1. e4 c5 2. Nf3 Nc6 3. d4 cxd4 4. Nxd4 Nf6 5. Nc3 e5 6. Ndb5 d6 7. Bg5 a6 8. Na3 b5 9. Bxf6 gxf6 10. Nd5 f5 11. Bd3 Be6 12. 0-0 Bxd5 13. exd5 Ne7 14. c3 Bg7 15. Qh5 e4 16. Bc2 0-0 17. Rae1 Qc8 18. Bb3 Ng6 19. f4 a5 20. Kh1 b4 21. cxb4 a4 22. Bd1 Bxb2 23. Nc2 Qc4 24. g4 Kh8 25. gxf5 Ne7 26. Ne3 Qd4 27. Rg1 Nxd5 28. Nxd5 Qxd5 29. Re3 1-0

[Event "SWE-ch Elit"]
[Site "Umea"]
[Date "2003.07.06"]
[Round "7"]
[White "Lundin, Anders"]
[Black "Larsson, Victor"]
[Result "1/2-1/2"]
[WhiteElo "2247"]
[BlackElo "2093"]
[PlyCount "67"]
[EventDate "2003.06.29"]
[EventType "tourn"]
[EventRounds "13"]
[EventCountry "SWE"]
[EventCategory "3"]
[SourceTitle "EXT 2004"]
[Source "ChessBase"]
[SourceDate "2003.11.25"]
[SourceVersion "1"]
[SourceVersionDate "2003.11.25"]
[SourceQuality "1"]

1. d4 d5 2. c4 e6 3. Nc3 Be7 4. Nf3 Nf6 5. Bg5 0-0 6. e3 h6 7. Bh4 b6 8. Be2 Bb7 9. Bxf6 Bxf6 10. cxd5 exd5 11. 0-0 c6 12. Qb3 Qe7 13. Rad1 Na6 14. Rfe1 Rfd8 15. Bd3 Nc7 16. e4 dxe4 17. Nxe4 Bxd4 18. Bc4 c5 19. Neg5 Qf6 20. Nxf7 Rf8 21. Nd6+ Kh8 22. Nxb7 Qc6 23. Nxd4 cxd4 24. Rxd4 Qxb7 25. Qg3 Rae8 26. Rxe8 Nxe8 27. h3 Nf6 28. Qg6 Qe7 29. Rf4 Qe5 30. g3 Rc8 31. Kh2 Qxb2 32. Bd3 Kg8 33. Qf5 Re8 34. Bc4+ 1/2-1/2

[Event "SWE-ch Elit"]
[Site "Umea"]
[Date "2003.07.04"]
[Round "6"]
[White "Sixtensson, Mikael"]
[Black "Lundin, Anders"]
[Result "1/2-1/2"]
[WhiteElo "2208"]
[BlackElo "2262"]
[PlyCount "25"]
[EventDate "2003.06.29"]
[EventType "tourn"]
[EventRounds "13"]
[EventCountry "SWE"]
[EventCategory "3"]
[SourceTitle "EXT 2004"]
[Source "ChessBase"]
[SourceDate "2003.11.25"]
[SourceVersion "1"]
[SourceVersionDate "2003.11.25"]
[SourceQuality "1"]

1. d4 Nf6 2. c4 e6 3. Nf3 b6 4. a3 c5 5. d5 Ba6 6. Qc2 exd5 7. cxd5 g6 8. Nc3 Bg7 9. Bf4 d6 10. 0-0-0 0-0 11. e4 Nh5 12. Bg5 Qd7 13. Bxa6 1/2-1/2

[Event "SWE-chT 0203"]
[Site "Sweden"]
[Date "2002.11.16"]
[Round "4"]
[White "Bergstrom, Peter"]
[Black "Lundin, Anders"]
[Result "0-1"]
[WhiteElo "2306"]
[BlackElo "2270"]
[PlyCount "72"]
[EventDate "2002.10.11"]
[EventType "team-tourn"]
[EventRounds "11"]
[EventCountry "SWE"]
[SourceTitle "EXT 2004"]
[Source "ChessBase"]
[SourceDate "2003.11.25"]
[SourceVersion "1"]
[SourceVersionDate "2003.11.25"]
[SourceQuality "1"]
[WhiteTeam "Sollentuna"]
[BlackTeam "Passanten"]
[WhiteTeamCountry "SWE"]
[BlackTeamCountry "SWE"]

1. e4 c5 2. Nf3 e6 3. d4 cxd4 4. Nxd4 Nc6 5. Nc3 d6 6. Be3 Nf6 7. f3 Be7 8. Qd2 0-0 9. 0-0-0 a6 10. g4 Nd7 11. Kb1 Nde5 12. Qg2 b5 13. g5 Bd7 14. f4 Nxd4 15. Bxd4 Nc6 16. Bf6 Bxf6 17. gxf6 Qxf6 18. Rxd6 Rad8 19. Nd5 Qh4 20. Nc3 Qxf4 21. Rd2 Bc8 22. Bd3 Ne5 23. Rg1 g6 24. Rf2 Qh4 25. Be2 Bb7 26. Qf1 Rd2 27. Rf4 Qh6 28. h4 b4 29. Na4 Rxe2 30. Nc5 Re1+ 31. Qxe1 Qxf4 32. Nxb7 Nf3 33. Qg3 Qe3 34. Rg2 Nd2+ 35. Ka1 Qxe4 36. a4 Qxc2 0-1

[Event "SWE-chT 9596"]
[Site "Sweden"]
[Date "1996.??.??"]
[Round "?"]
[White "Lundin, Anders"]
[Black "Hjelm, Niclas"]
[Result "1/2-1/2"]
[WhiteElo "2270"]
[BlackElo "2325"]
[PlyCount "99"]
[EventDate "1995.??.??"]
[EventType "team-tourn"]
[EventRounds "9"]
[EventCountry "SWE"]
[SourceTitle "EXT 1998"]
[Source "ChessBase"]
[SourceDate "1997.11.17"]
[SourceVersion "1"]
[SourceVersionDate "1997.11.17"]
[SourceQuality "1"]

1. d4 Nf6 2. c4 g6 3. Nc3 d5 4. Nf3 Bg7 5. e3 0-0 6. cxd5 Nxd5 7. Bc4 Nb6 8. Bb3 c5 9. 0-0 cxd4 10. exd4 Nc6 11. Re1 Bg4 12. Bg5 Bxd4 13. h3 Bxc3 14. bxc3 Qxd1 15. Raxd1 Bxf3 16. gxf3 Rfd8 17. h4 Kg7 18. Bxe7 Rxd1 19. Bxd1 Nxe7 20. Rxe7 Rd8 21. Bb3 Rd7 22. Re5 Rc7 23. Kg2 Kf6 24. Re4 Nc8 25. Rf4+ Kg7 26. h5 Nd6 27. hxg6 fxg6 28. c4 Nf5 29. Bc2 Rc5 30. Bxf5 g5 31. Rd4 Rxf5 32. Rd7+ Rf7 33. Rd5 Kg6 34. Ra5 a6 35. Rd5 h6 36. c5 Rc7 37. Rd6+ Kf5 38. Rd5+ Ke6 39. Rd6+ Ke5 40. Rxh6 Rxc5 41. Rb6 Rc7 42. Kg3 Kf5 43. Rb4 b5 44. Rd4 Rc5 45. a4 a5 46. axb5 Rxb5 47. f4 g4 48. Ra4 Rb3+ 49. Kg2 Rb4 50. Rxa5+ 1/2-1/2

[Event "SWE-chT 9596"]
[Site "Sweden"]
[Date "1996.??.??"]
[Round "?"]
[White "Lundin, Anders"]
[Black "Winge, Stefan"]
[Result "1/2-1/2"]
[WhiteElo "2270"]
[BlackElo "2275"]
[PlyCount "85"]
[EventDate "1995.??.??"]
[EventType "team-tourn"]
[EventRounds "9"]
[EventCountry "SWE"]
[SourceTitle "EXT 1998"]
[Source "ChessBase"]
[SourceDate "1997.11.17"]
[SourceVersion "1"]
[SourceVersionDate "1997.11.17"]
[SourceQuality "1"]

1. d4 f5 2. Nf3 Nf6 3. g3 g6 4. Bg2 Bg7 5. 0-0 0-0 6. b3 Ne4 7. Bb2 c5 8. c4 Qa5 9. a3 Nc6 10. e3 b5 11. cxb5 Qxb5 12. Nc3 Nxc3 13. Bxc3 Rb8 14. Rb1 Bb7 15. Re1 cxd4 16. Nxd4 Nxd4 17. Bxd4 Bxg2 18. Bxg7 Kxg7 19. Kxg2 Rfc8 20. Qd4+ e5 21. Qd6 Qc6+ 22. Qxc6 Rxc6 23. Red1 d6 24. b4 Kf7 25. b5 Rcb6 26. a4 Ke6 27. Rdc1 a6 28. bxa6 Rxb1 29. Rxb1 Ra8 30. Rb6 h5 31. f4 Kd5 32. fxe5 Kxe5 33. h4 Ra7 34. Kf3 Rc7 35. Rb5+ Ke6 36. a5 Rc6 37. Rb6 Rc5 38. Kf4 Rxa5 39. Kg5 Ra3 40. Kf4 Ra4+ 41. Kg5 Ra3 42. Kf4 Ra4+ 43. Kg5 1/2-1/2

[Event "SWE-ch"]
[Site "Helsingborg"]
[Date "1991.??.??"]
[Round "4"]
[White "Lundin, Anders"]
[Black "Carlhammar, Magnus"]
[Result "1-0"]
[WhiteElo "2295"]
[BlackElo "2290"]
[PlyCount "58"]
[EventDate "1991.??.??"]
[EventType "tourn"]
[EventRounds "15"]
[EventCountry "SWE"]
[EventCategory "4"]
[SourceTitle "TD"]
[Source "ChessBase"]
[SourceDate "1994.03.01"]
[SourceVersion "1"]
[SourceVersionDate "1994.03.01"]
[SourceQuality "1"]

1. d4 Nf6 2. c4 g6 3. Nc3 d5 4. Nf3 Bg7 5. e3 0-0 6. cxd5 Nxd5 7. Bc4 Nxc3 8. bxc3 c5 9. 0-0 Qc7 10. Bd3 b6 11. Qe2 Nc6 12. Ba3 Na5 13. Rac1 Bb7 14. Rfd1 Rfd8 15. e4 Bh6 16. Rb1 cxd4 17. cxd4 Rac8 18. d5 e6 19. d6 Qc6 20. Ne5 Qa4 21. Bb4 Bf8 22. d7 Bxb4 23. dxc8Q Rxc8 24. Bb5 Qa3 25. Ba6 Bxa6 26. Qxa6 Rc7 27. g3 Bd6 28. Nd7 Qxa2 29. Nf6+ Kg7 1-0

[Event "SWE-ch"]
[Site "Helsingborg"]
[Date "1991.??.??"]
[Round "9"]
[White "Svensson, Bengt"]
[Black "Lundin, Anders"]
[Result "0-1"]
[WhiteElo "2400"]
[BlackElo "2295"]
[PlyCount "68"]
[EventDate "1991.??.??"]
[EventType "tourn"]
[EventRounds "15"]
[EventCountry "SWE"]
[EventCategory "4"]
[SourceTitle "TD"]
[Source "ChessBase"]
[SourceDate "1994.03.01"]
[SourceVersion "1"]
[SourceVersionDate "1994.03.01"]
[SourceQuality "1"]

1. e4 c5 2. Nf3 e6 3. d4 cxd4 4. Nxd4 Nc6 5. Nc3 d6 6. Be3 Nf6 7. f4 Be7 8. Qf3 e5 9. Nxc6 bxc6 10. f5 Qa5 11. Bc4 Rb8 12. 0-0-0 0-0 13. Bb3 d5 14. exd5 Rxb3 15. cxb3 cxd5 16. Rxd5 Nxd5 17. Nxd5 Bd6 18. Rd1 Qxa2 19. Nf6+ Kh8 20. Rxd6 gxf6 21. Bh6 Rg8 22. Kc2 Qa5 23. Kb1 Rxg2 24. Rc6 Rg1+ 25. Rc1 Rg8 26. Rf1 Qb5 27. Rd1 Bb7 28. Qe3 Qb4 29. Re1 Rc8 30. h3 Bd5 31. Qg1 Be4+ 32. Rxe4 Qxe4+ 33. Ka2 Rg8 34. Qc5 Qxf5 0-1

[Event "SWE-ch"]
[Site "Gothenburg"]
[Date "1990.??.??"]
[Round "?"]
[White "Brynell, Stellan"]
[Black "Lundin, Anders"]
[Result "1/2-1/2"]
[WhiteElo "2430"]
[BlackElo "2265"]
[PlyCount "52"]
[EventDate "1990.??.??"]
[EventType "tourn"]
[EventRounds "15"]
[EventCountry "SWE"]
[EventCategory "5"]
[SourceTitle "EXT 1997"]
[Source "ChessBase"]
[SourceDate "1996.11.15"]
[SourceVersion "1"]
[SourceVersionDate "1996.11.15"]
[SourceQuality "1"]

1. d4 Nf6 2. Nc3 d5 3. Bg5 Bf5 4. e3 e6 5. Bd3 Bxd3 6. cxd3 c5 7. dxc5 Bxc5 8. d4 Be7 9. Nf3 Nc6 10. Bxf6 Bxf6 11. 0-0 0-0 12. Rc1 Rc8 13. Na4 b6 14. Nc3 Qd7 15. Qa4 Be7 16. a3 Rfd8 17. b4 Qb7 18. Rc2 a6 19. Rfc1 b5 20. Qb3 Bd6 21. Ne1 Nb8 22. Nd3 Rc4 23. a4 Nc6 24. axb5 Nxb4 25. bxa6 Qxa6 26. Nxb4 Rxb4 1/2-1/2

[Event "SWE-ch"]
[Site "Gothenburg"]
[Date "1990.??.??"]
[Round "?"]
[White "Engqvist, Thomas"]
[Black "Lundin, Anders"]
[Result "0-1"]
[WhiteElo "2335"]
[BlackElo "2265"]
[PlyCount "72"]
[EventDate "1990.??.??"]
[EventType "tourn"]
[EventRounds "15"]
[EventCountry "SWE"]
[EventCategory "5"]
[SourceTitle "EXT 1997"]
[Source "ChessBase"]
[SourceDate "1996.11.15"]
[SourceVersion "1"]
[SourceVersionDate "1996.11.15"]
[SourceQuality "1"]

1. d4 Nf6 2. Nf3 e6 3. e3 b6 4. Bd3 Bb7 5. Nbd2 c5 6. c3 Nc6 7. 0-0 cxd4 8. exd4 Be7 9. Ne5 Qc7 10. f4 d6 11. Ng4 0-0-0 12. a4 Nxg4 13. Qxg4 h5 14. Qe2 h4 15. f5 h3 16. g3 exf5 17. Bxf5+ Kb8 18. Qd3 g6 19. Be4 f5 20. Bh1 Ne5 21. Qe2 Ng4 22. a5 Bg5 23. axb6 axb6 24. Nc4 Rhe8 25. Qd3 Bxh1 26. Bxg5 Qc6 27. d5 Bxd5 28. Nxd6 Qc5+ 29. Qd4 Qxd4+ 30. cxd4 Re2 31. Rxf5 gxf5 32. Bxd8 Rg2+ 33. Kf1 Nxh2+ 34. Ke1 Nf3+ 35. Kf1 Nd2+ 36. Ke1 h2 0-1

[Event "SWE-ch"]
[Site "Gothenburg"]
[Date "1990.??.??"]
[Round "?"]
[White "Johansson, Jan"]
[Black "Lundin, Anders"]
[Result "1-0"]
[WhiteElo "2465"]
[BlackElo "2265"]
[PlyCount "59"]
[EventDate "1990.??.??"]
[EventType "tourn"]
[EventRounds "15"]
[EventCountry "SWE"]
[EventCategory "5"]
[SourceTitle "EXT 1997"]
[Source "ChessBase"]
[SourceDate "1996.11.15"]
[SourceVersion "1"]
[SourceVersionDate "1996.11.15"]
[SourceQuality "1"]

1. e4 c5 2. Nf3 e6 3. d4 cxd4 4. Nxd4 Nc6 5. Nc3 d6 6. g3 Nf6 7. Bg2 Be7 8. 0-0 Bd7 9. Be3 0-0 10. Qe2 Ne5 11. Rad1 Rc8 12. Bc1 Qa5 13. f4 Nc4 14. Nb3 Qc7 15. g4 b5 16. g5 Ne8 17. Qh5 g6 18. Qh6 f5 19. Nd4 Rf7 20. exf5 Bf8 21. fxe6 Bxh6 22. exf7+ Kxf7 23. gxh6 Nf6 24. f5 gxf5 25. Nxf5 Qc5+ 26. Nd4 Rg8 27. Rxf6+ Kxf6 28. Ne4+ Ke5 29. Nxc5 Bh3 30. Nd3+ 1-0

[Event "SWE-ch"]
[Site "Gothenburg"]
[Date "1990.??.??"]
[Round "?"]
[White "Lind, Jan Olov"]
[Black "Lundin, Anders"]
[Result "0-1"]
[WhiteElo "2215"]
[BlackElo "2265"]
[PlyCount "106"]
[EventDate "1990.??.??"]
[EventType "tourn"]
[EventRounds "15"]
[EventCountry "SWE"]
[EventCategory "5"]
[SourceTitle "EXT 1997"]
[Source "ChessBase"]
[SourceDate "1996.11.15"]
[SourceVersion "1"]
[SourceVersionDate "1996.11.15"]
[SourceQuality "1"]

1. e4 g6 2. d4 Bg7 3. Nf3 d6 4. Nc3 Nf6 5. h3 0-0 6. Be3 a6 7. a4 b6 8. e5 Nfd7 9. e6 fxe6 10. h4 Nf6 11. Bd3 Nc6 12. Qe2 Nb4 13. 0-0-0 c5 14. dxc5 Nxd3+ 15. Qxd3 bxc5 16. Ng5 Qe8 17. h5 gxh5 18. g4 Qg6 19. gxh5 Qxd3 20. cxd3 h6 21. Nge4 Nd5 22. Rh4 Bd7 23. Rg1 Kh7 24. Rhg4 Rf7 25. Rg6 Nb4 26. Kd2 Nc6 27. R6g3 Nd4 28. R1g2 Rb8 29. Kc1 Rb4 30. a5 Nb3+ 31. Kc2 Nxa5 32. Bd2 Nc6 33. Nd1 Nd4+ 34. Kb1 Rb8 35. Bc3 Nf5 36. Rg6 Bxc3 37. Ndxc3 Nh4 38. R2g4 Nf3 39. Rg2 Ne5 40. R6g3 Nf3 41. Rg6 Nh4 42. R2g4 Nf5 43. Ng3 Nxg3 44. Rxg3 e5 45. Nd5 Bf5 46. Ka2 e4 47. Ne3 exd3 48. Nxf5 Rxf5 49. Rg7+ Kh8 50. Rxe7 c4 51. Re6 Rxh5 52. Rxd6 c3 53. b3 Ra5+ 0-1